[Event "FRA-chT2 0304"]
[Site "France"]
[Date "2003.12.07"]
[Round "4"]
[White "Le Horgne, Erwan"]
[Black "Imbert, Christophe"]
[Result "0-1"]
[WhiteElo "2017"]
[BlackElo "2100"]
[PlyCount "52"]
[EventDate "2003.10.??"]
[EventType "team"]
[EventRounds "11"]
[EventCountry "FRA"]
[SourceTitle "EXT 2005"]
[Source "ChessBase"]
[SourceDate "2004.11.15"]
[SourceVersion "1"]
[SourceVersionDate "2004.11.15"]
[SourceQuality "1"]
[WhiteTeam "Bois Colombes II"]
[BlackTeam "Le Vesinet"]
[WhiteTeamCountry "FRA"]
[BlackTeamCountry "FRA"]

1. Nf3 Nf6 2. c4 g6 3. Nc3 Bg7 4. e4 d6 5. Be2 0-0 6. 0-0 e5 7. b4 Nc6 8. Rb1 Nd4 9. d3 Nxe2+ 10. Qxe2 Nh5 11. Nd5 c6 12. Ne3 f5 13. exf5 gxf5 14. Nc2 Qe8 15. Re1 Be6 16. d4 e4 17. Ng5 Bd7 18. f4 h6 19. Nh3 Be6 20. Nf2 Qf7 21. Na3 Bxd4 22. Rd1 c5 23. bxc5 dxc5 24. Rxb7 Qxb7 25. Qxh5 Kh7 26. Nb5 e3 0-1

[Event "Plancoet op 1st"]
[Site "Plancoet"]
[Date "2001.??.??"]
[Round "2"]
[White "Le Horgne, Erwan"]
[Black "Bonnaud, Albert"]
[Result "1-0"]
[WhiteElo "2050"]
[BlackElo "1780"]
[PlyCount "73"]
[EventDate "2001.??.??"]
[EventType "swiss"]
[EventRounds "9"]
[EventCountry "FRA"]
[SourceTitle "EXT 2003"]
[Source "ChessBase"]
[SourceDate "2002.11.25"]
[SourceVersion "1"]
[SourceVersionDate "2002.11.25"]
[SourceQuality "1"]

1. e4 e5 2. Nf3 Nc6 3. Bb5 a6 4. Ba4 Nf6 5. 0-0 Be7 6. Re1 b5 7. Bb3 0-0 8. c3 d5 9. exd5 Nxd5 10. Nxe5 Nxe5 11. Rxe5 c6 12. d3 Bd6 13. Re1 Qh4 14. g3 Qh3 15. Re4 Qf5 16. Nd2 Nf6 17. Re3 Qh3 18. Qf1 Qh5 19. Qg2 Ng4 20. Re1 Ne5 21. d4 Bh3 22. Qe4 Bf5 23. Qe2 Bg4 24. Qe3 Ng6 25. f3 Bd7 26. Ne4 Rae8 27. Qf2 Bc7 28. a4 Kh8 29. Ng5 Rxe1+ 30. Qxe1 Kg8 31. axb5 h6 32. Nxf7 Rxf7 33. Bxf7+ Kxf7 34. bxa6 Qh3 35. a7 Ne5 36. dxe5 Bb6+ 37. Be3 1-0

[Event "Plancoet op 1st"]
[Site "Plancoet"]
[Date "2001.??.??"]
[Round "6"]
[White "Le Horgne, Erwan"]
[Black "Kokoszynski, Marc"]
[Result "1-0"]
[WhiteElo "2050"]
[BlackElo "2070"]
[PlyCount "45"]
[EventDate "2001.??.??"]
[EventType "swiss"]
[EventRounds "9"]
[EventCountry "FRA"]
[SourceTitle "EXT 2003"]
[Source "ChessBase"]
[SourceDate "2002.11.25"]
[SourceVersion "1"]
[SourceVersionDate "2002.11.25"]
[SourceQuality "1"]

1. e4 c5 2. Nc3 Nc6 3. f4 e5 4. d3 d6 5. Nf3 Bg4 6. h3 Bxf3 7. Qxf3 Nd4 8. Qf2 Nf6 9. g4 h6 10. g5 hxg5 11. fxg5 Nd7 12. h4 Be7 13. Bh3 f6 14. 0-0 Rf8 15. Qg2 fxg5 16. Bxg5 Bxg5 17. hxg5 Nb6 18. a4 a5 19. Rxf8+ Kxf8 20. Rf1+ Ke8 21. Qg4 Ke7 22. g6 Ke8 23. Qh5 1-0

[Event "Plancoet op 1st"]
[Site "Plancoet"]
[Date "2001.??.??"]
[Round "4"]
[White "Le Horgne, Erwan"]
[Black "Mevel, Alberic"]
[Result "0-1"]
[WhiteElo "2050"]
[BlackElo "2250"]
[PlyCount "42"]
[EventDate "2001.??.??"]
[EventType "swiss"]
[EventRounds "9"]
[EventCountry "FRA"]
[SourceTitle "EXT 2003"]
[Source "ChessBase"]
[SourceDate "2002.11.25"]
[SourceVersion "1"]
[SourceVersionDate "2002.11.25"]
[SourceQuality "1"]

1. e4 d5 2. exd5 Nf6 3. d4 Bg4 4. Be2 Bxe2 5. Nxe2 Qxd5 6. 0-0 Nc6 7. Nbc3 Qh5 8. Nf4 Qxd1 9. Rxd1 Nb4 10. Nb5 0-0-0 11. Nxa7+ Kb8 12. Bd2 Nxc2 13. Rac1 Nxd4 14. Be3 e5 15. Nb5 Bc5 16. Rxc5 Nf3+ 17. gxf3 Rxd1+ 18. Kg2 exf4 19. Bxf4 Nd5 20. Bxc7+ Nxc7 21. Rxc7 Rd5 0-1

[Event "Plancoet op 1st"]
[Site "Plancoet"]
[Date "2001.??.??"]
[Round "5"]
[White "Merlet, Joffroy"]
[Black "Le Horgne, Erwan"]
[Result "0-1"]
[WhiteElo "2160"]
[BlackElo "2050"]
[PlyCount "54"]
[EventDate "2001.??.??"]
[EventType "swiss"]
[EventRounds "9"]
[EventCountry "FRA"]
[SourceTitle "EXT 2003"]
[Source "ChessBase"]
[SourceDate "2002.11.25"]
[SourceVersion "1"]
[SourceVersionDate "2002.11.25"]
[SourceQuality "1"]

1. d4 Nf6 2. c4 c5 3. d5 b5 4. Nc3 b4 5. Nb1 e6 6. Bg5 h6 7. Bxf6 Qxf6 8. Qc2 Bb7 9. e4 g5 10. Be2 Bg7 11. Nd2 Qxb2 12. Qxb2 Bxb2 13. Rb1 Bc3 14. Kd1 a5 15. Nb3 d6 16. h4 f5 17. hxg5 hxg5 18. Rxh8+ Bxh8 19. Bh5+ Ke7 20. f3 Nd7 21. dxe6 Nf6 22. exf5 Nxh5 23. Ne2 Be5 24. Nd2 Nf4 25. Nxf4 gxf4 26. Ne4 Bxe4 27. fxe4 Rg8 0-1

[Event "Issy les Moulineaux tt"]
[Site "Issy les Moulineaux"]
[Date "2000.06.10"]
[Round "1.2"]
[White "Le Horgne, Erwan"]
[Black "Gaston, Serge"]
[Result "0-1"]
[WhiteElo "2088"]
[BlackElo "2172"]
[PlyCount "96"]
[EventDate "2000.06.10"]
[EventType "team"]
[EventRounds "7"]
[EventCountry "FRA"]
[SourceTitle "EXT 2007"]
[Source "ChessBase"]
[SourceDate "2006.11.23"]
[SourceVersion "1"]
[SourceVersionDate "2006.11.23"]
[SourceQuality "1"]

1. e4 c5 2. Nf3 Nc6 3. d4 cxd4 4. Nxd4 g6 5. Nc3 Bg7 6. Be3 Nf6 7. Be2 0-0 8. Qd2 d5 9. exd5 Nxd5 10. Nxc6 bxc6 11. 0-0-0 Be6 12. Bd4 Bxd4 13. Qxd4 Qa5 14. Nxd5 cxd5 15. Rd3 Bf5 16. Qxd5 Qa4 17. Qb3 Qf4+ 18. Re3 Rfc8 19. c3 Rab8 20. Qa3 Rb4 21. Bd1 Qxf2 22. Rhe1 Rd4 23. R1e2 Qg1 24. Qb3 e6 25. h3 Rd5 26. g4 Rcd8 27. Re1 Rxd1+ 28. Qxd1 Rxd1+ 29. Kxd1 Bxg4+ 30. hxg4 Qxg4+ 31. Kd2 h5 32. Re4 Qg5+ 33. Kc2 h4 34. c4 h3 35. R4e2 Qf5+ 36. Kc3 g5 37. b4 g4 38. c5 Kf8 39. Kc4 Qd5+ 40. Kc3 g3 41. Re5 Qxe5+ 42. Rxe5 Ke7 43. Re3 g2 44. Rxh3 g1Q 45. Rd3 Qc1+ 46. Kb3 Qb1+ 47. Kc3 Qxa2 48. b5 Qa3+ 0-1